| 000 | 00937nam a2200265Ia 4500 | ||
|---|---|---|---|
| 003 | OSt | ||
| 005 | 20221005110248.0 | ||
| 006 | a|||||r|||| 00| 0 | ||
| 007 | ta | ||
| 008 | 221004b |||||||| |||| 00| 0 tam d | ||
| 024 | _a4985 | ||
| 037 | _cTextual | ||
| 040 |
_aCRL _cCRL _btam |
||
| 041 |
_2tam _atam |
||
| 082 | _aO31,1(Delta25), 152N3 | ||
| 100 | _aसेठ, रवीन्द्रकुमार | ||
| 245 | 0 | _aतमिल शैव - भक्त साहित्य | |
| 246 | _aTamil shaiv - bhakta sāhitya | ||
| 260 |
_aनई दिल्ली _bसाहित्य शोध संस्थान भारत _c1993 |
||
| 300 |
_a403पृ0 _ccm. |
||
| 650 | _a तमिल साहित्य | ||
| 650 | _aतमिल कविता | ||
| 942 |
_hO31,1(Delta25), 152N3 _cTEXL _2cc |
||
| 999 |
_c1018265 _d1018265 |
||